000 00430nam a22001457a 4500
008 230331b |||||||| |||| 00| 0 eng d
020 _a9780415312066.
050 _aB3376.W564 C53 2010.
100 _aChild, William
_952296
245 _aWittgenstein
_cWilliam, Child.
260 _aNew York:
_bRoutledge,
_c2010.
300 _axix;
_b278p,
_c22cm.
650 _aWittgenstein, Ludwig;
_y1889-1951.
_952297
942 _2lcc
_cMONOGRAPH
999 _c131728
_d131728